Giáo trình quản lý dự án

保存先:
書誌詳細
第一著者:  Từ Quang Phương
フォーマット: Sách
言語:Undetermined
出版事項:  Đại học Kinh tế Quốc dân  2012
主題:
タグ: タグ追加
タグなし, このレコードへの初めてのタグを付けませんか!
Thư viện lưu trữ: Trung tâm Thư viện - Trường Đại học Công nghiệp TP. Hồ Chí Minh
LEADER 00528nam a2200157Ia 4500
001 UIH_02939
008 231011s9999 xx 000 0 und d
082 |a  658.404 
100 |a  Từ Quang Phương 
245 0 |a  Giáo trình quản lý dự án 
245 0 |c  Từ Quang Phương 
260 |b  Đại học Kinh tế Quốc dân 
260 |c  2012 
650 |a  Quản lý dự án;  
927 |a Sách 
980 |a Trung tâm Thư viện - Trường Đại học Công nghiệp TP. Hồ Chí Minh